NRL Warriors name the team #1 - Statistics

General Stats
  • This quiz has been taken 7 times
  • The average score is 43 of 72
Answer Stats
Match Name % Correct
Adam Pompey
80%
Addin Fonua-Blake
80%
Coach Andrew Webster
80%
Semi Final 2023 vs Newcastle Knights Team List Charnze Nicoll-Klokstad
80%
Dallin Watene-Zelezniak
80%
Dean Bell
80%
Gene Ngamu
80%
Greg Alexander
80%
Hitro Okesene
80%
Jackson Ford
80%
Jazz Tevaga
80%
Marcelo Montoya
80%
Mitchell Barnett
80%
Round 1 1995 vs Brisbane Broncos Team List Phil Blake
80%
Sean Hoppe
80%
Shaun Johnson
80%
Shaun Johnson
80%
Wayde Egan
80%
Whetu Taewa
80%
Aaron Heremaia
60%
Ali Lauiti'iti
60%
Ben Matulino
60%
Bill Tupou
60%
Clinton Toopi
60%
Coach Daniel Anderson
60%
Duane Mann
60%
Dylan Walker
60%
Francis Meli
60%
Gavin Hill
60%
Grand Final 2002 vs Sydney Roosters Team List Ivan Cleary
60%
Coach Ivan Cleary
60%
James Maloney
60%
John Carlaw
60%
Coach John Monie
60%
Justin Murphy
60%
Kevin Campion
60%
Lance Hohaia
60%
Lance Hohaia
60%
Lewis Brown
60%
Logan Swann
60%
Manoa Thompson
60%
Manu Vatuvei
60%
Micheal Luck
60%
Rocco Berry
60%
Sam Rapira
60%
Se'e Solomona
60%
Simon Mannering
60%
Stacey Jones
60%
Stephen Kearney
60%
Tea Ropati
60%
Te Maire Martin
60%
Tohu Harris
60%
Tony Tatupu
60%
Tony Tuimavave
60%
Awen Guttenbeil
40%
Bayley Sironen
40%
Elijah Taylor
40%
Jacob Lillyman
40%
Jerry Seuseu
40%
Josh Curran
40%
Grand Final 2011 vs Manly Sea Eagles Team List Kevin Locke
40%
Krisnan Inu
40%
Marata Niukore
40%
Mark Tookey
40%
Motu Tony
40%
PJ Marsh
40%
Richard Villasanti
40%
Russell Packer
40%
Wairangi Koopu
40%
Feleti Mateo
20%
Jason Mackie
20%
Martin Moana
20%
No matching quizzes found
Score Distribution
Percent of People with Each Score
Percentile by Number Answered
Your Score History
You have not taken this quiz